000 00469nam a2200181Ia 4500
003 OSt
005 20240503163747.0
008 210210b1960 xxu||||| |||| 00| 0 eng d
040 _cAL
041 _akan
082 _a859/1548
100 _aRAMAMURTI (M)
_9155866
_dರಾಮಮೂರ್ತಿ ಎಂ
245 _aAkalankini
_bಅಕಳಂಕಿನಿ
260 _aBengaluru
_b-
_c1960
690 _aKannada Fiction
_9155867
906 _a022276
942 _2ddc
_cBK
999 _c146429
_d146429